00676nam a2200229Ia 4500003000900000008004100009040001300050040001300063041000800076100001900084245004600103250001100149260001200160260000900172300001000181300001200191490001200203490001000215942000700225999001700232952019700249IT-RoPAU120407s9999 xx 000 0 und d aIT-RoPAU cIT-RoPAU aita aElio Vittorini aIl Sempione strizza l’occhio al Frejus. aMilano aEinaudi c1980 a88 p. c19,5 cm aStruzzi v12226 cBK c37110d37110 00102ddc406850_40000000000000071aPAULUSbPAULUSd2012-04-11l0o850.4r2012-04-11 00:00:00w2012-04-11yBKzInserito da: Jole In data: 27 settembre 2011 fondo: Via A.Severo 56 Progr:14470